| 000 | 00873nam a2200277Ia 4500 | ||
|---|---|---|---|
| 001 | dia_1747 | ||
| 003 | CHAP | ||
| 005 | 20230327092817.0 | ||
| 008 | 220117s1970 xx 000 0 und d | ||
| 010 | _a172283 | ||
| 040 | _cCHAP | ||
| 082 | _a630.972 M49 1970 | ||
| 110 |
_aMéxico : Secretaría de Agricultura y Ganadería _977111 |
||
| 245 |
_aPlan Nacional Agrícola, Ganadero y Forestal : etapa 1969-1970 / _c Secretaría de Agricultura y Ganadería |
||
| 260 |
_aMéxico : _b SAG, _c1970 |
||
| 300 | _a556 p. | ||
| 503 | _aD. | ||
| 590 | _aHD1792 M49 1970 | ||
| 650 |
_aAgricultura _xMéxico / _9138811 |
||
| 650 |
_aGanadería _xMéxico _9137519 |
||
| 710 |
_aSecretaría de Agricultura y Ganadería _9103539 |
||
| 901 | _a630.972 M49 1970 | ||
| 902 | _aM | ||
| 905 | _a5232271970 mx aimn8215223322spa16 | ||
| 942 |
_cLIBRO _2ddc |
||
| 999 |
_c172283 _d172283 |
||